000 00526nam a2200169 i 4500
001 29481
003 ES-MaACL
005 20230906154036.0
007 t|
008 030122q19001999sp ||||1| spa d
100 1 _aBarceló, José Luis.
_925505
245 1 0 _aEspaña en el Amazonas /
_cJosé Luis Barceló.
260 _aBarcelona :
_b[s.n.,
_c19--?] (
_fImp. Ibérica)
300 _a24 p. ;
_c24 cm.
500 _aEs Separata de: la Revista "Ibérica", núms. 273, 274, 275 y 277.
852 _aES-MaACL
_j1970-F-19
_bR.36313
999 _c29481
_d29481